Living for the city (Record no. 106132)

MARC details
000 -LEADER
fixed length control field 01587cam a22003615a 4500
001 - CONTROL NUMBER
control field ##L135656
008 - FIXED-LENGTH DATA ELEMENTS--GENERAL INFORMATION
fixed length control field 061122s2006 xxk f 000 0 eng d
020 ## - INTERNATIONAL STANDARD BOOK NUMBER
International Standard Book Number 0955190975
035 ## - SYSTEM CONTROL NUMBER
System control number (Sirsi) u135656
041 0# - LANGUAGE CODE
Language code of text/sound track or separate title eng
050 04 - LIBRARY OF CONGRESS CALL NUMBER
Classification number 711.4 $2 18
100 1# - MAIN ENTRY--PERSONAL NAME
Personal name Norman, Jesse
245 00 - TITLE STATEMENT
Title Living for the city
Remainder of title a new agenda for green cities
Medium [electronic resource]
260 ## - PUBLICATION, DISTRIBUTION, ETC.
Place of publication, distribution, etc. London
Name of publisher, distributor, etc. Policy Exchange
Date of publication, distribution, etc. 2006
505 1# - FORMATTED CONTENTS NOTE
Formatted contents note Cities for biophiliacs -- Green growth -- The urban jungle -- Safer cities -- Healthy cities, dream estates -- Cities for everyone -- A manifesto for x-listing -- City of the future
520 ## - SUMMARY, ETC.
Summary, etc. Collection of eight essays examining keys issues for today's cities. Considers the impact of city design on daily lives, how to make cities healthy and vibrant places to live, and addresses topics such as social segregation, crime, planning controls and environmental sustainability. Discussion spans the US, Germany and China as well as the UK.
590 ## - LOCAL NOTE (RLIN)
Local note KA
651 #4 - SUBJECT ADDED ENTRY--GEOGRAPHIC NAME
Geographic name International
690 ## - LOCAL SUBJECT ADDED ENTRY--TOPICAL TERM (OCLC, RLIN)
Topical term or geographic name as entry element ENVIRONMENTAL AND LAND CONSULTANCY-PLANNING AND DEVELOPMENT
700 1# - ADDED ENTRY--PERSONAL NAME
Personal name Nickalls, S.
700 1# - ADDED ENTRY--PERSONAL NAME
Personal name Kahn, Matthew E.
700 1# - ADDED ENTRY--PERSONAL NAME
Personal name Maxeiner, Dirk
700 1# - ADDED ENTRY--PERSONAL NAME
Personal name Miersch, Michael
700 1# - ADDED ENTRY--PERSONAL NAME
Personal name Foreman, Jonathan
700 1# - ADDED ENTRY--PERSONAL NAME
Personal name Holmes, Chris
700 1# - ADDED ENTRY--PERSONAL NAME
Personal name Kelly, Crispin
700 1# - ADDED ENTRY--PERSONAL NAME
Personal name O'Shaughnessy, James
700 1# - ADDED ENTRY--PERSONAL NAME
Personal name Girardet, Herbert
700 1# - ADDED ENTRY--PERSONAL NAME
Personal name Head, Peter
710 2# - ADDED ENTRY--CORPORATE NAME
Corporate name or jurisdiction name as entry element Policy Exchange
9 (RLIN) 5443
856 40 - ELECTRONIC LOCATION AND ACCESS
Uniform Resource Identifier <a href="https://www.jessenorman.com/downloads/city_text.pdf">https://www.jessenorman.com/downloads/city_text.pdf</a>
Public note View the item free of charge at www.jessenorman.com
942 ## - ADDED ENTRY ELEMENTS (KOHA)
Suppress in OPAC 0
Holdings
Withdrawn status Lost status Source of classification or shelving scheme Damaged status Not for loan Home library Current library Shelving location Date acquired Total Checkouts Full call number Barcode Date last seen Copy number Price effective from Koha item type
    Dewey Decimal Classification     Virtual Virtual Online 22/11/2006   ONLINE PUBLICATION 135656-2001 06/08/2019 1 06/08/2019 Book